000
nam a22 7a 4500
999
_c
232693
_d
232693
003
Nust
005
20170222152254.0
008
170222b xxu||||| |||| 00| 0 eng d
040
_c
DLC
082
_a
297.5 HUS
245
_a
قرآنی احکام
_c
حسین،سید مقبول
260
_a
Lahore :
_c
2002
300
_a
312p. :
_c
28cm
942
_2
ddc
_c
BK